[Event "Scarborough CC Howard Ridout"]
[Site "Toronto"]
[Date "2018.09.20"]
[Round "2.7"]
[White "Huang, Youhe"]
[Black "Wang, Thomas"]
[Result "1-0"]
[WhiteElo "1869"]
[BlackElo "1811"]
[PlyCount "61"]
[EventDate "2018.09.13"]
[EventType "swiss"]
[EventRounds "7"]
[EventCountry "CAN"]
[SourceTitle "EXT 2022"]
[Source "ChessBase"]
[SourceDate "2021.10.06"]
[SourceVersion "1"]
[SourceVersionDate "2021.10.06"]
[SourceQuality "1"]

1. e4 e5 2. Nf3 Nc6 3. Bc4 Bc5 4. b4 Bxb4 5. c3 Be7 6. d4 d6 7. dxe5 Nxe5 8. Nxe5 dxe5 9. Qh5 g6 10. Qxe5 f6 11. Qb5+ Kf8 12. Qb3 Kg7 13. 0-0 c6 14. Rd1 Qc7 15. Ba3 Nh6 16. Bxe7 Qxe7 17. Nd2 Rd8 18. Nf3 Rxd1+ 19. Rxd1 Qxe4 20. Re1 Qf4 21. Re7+ Kh8 22. Re8+ Kg7 23. Qa3 c5 24. Qxc5 Qc1+ 25. Ne1 g5 26. Qe7+ Kg6 27. Rh8 Be6 28. Qxh7+ Kh5 29. Qxh6+ Kg4 30. Bxe6+ f5 31. Qh3+ 1-0

[Event "Scarborough CC Howard Ridout"]
[Site "Toronto"]
[Date "2018.09.13"]
[Round "1.6"]
[White "Wang, Thomas"]
[Black "Ning, Eric"]
[Result "0-1"]
[WhiteElo "1811"]
[BlackElo "1942"]
[PlyCount "92"]
[EventDate "2018.09.13"]
[EventType "swiss"]
[EventRounds "7"]
[EventCountry "CAN"]
[SourceTitle "EXT 2022"]
[Source "ChessBase"]
[SourceDate "2021.10.06"]
[SourceVersion "1"]
[SourceVersionDate "2021.10.06"]
[SourceQuality "1"]

1. e4 c5 2. Nf3 Nc6 3. Bb5 g6 4. 0-0 Bg7 5. c3 e5 6. Na3 Nge7 7. Nc4 d6 8. Ne3 0-0 9. d3 d5 10. Bxc6 bxc6 11. Qc2 f5 12. g3 fxe4 13. Ng5 exd3 14. Qd1 h6 15. Nf3 d4 16. cxd4 cxd4 17. Nc4 Qd5 18. Nfd2 Bh3 19. f3 Bxf1 20. Qxf1 Nf5 21. Qxd3 h5 22. Ne4 Bh6 23. Bxh6 Nxh6 24. Re1 Kg7 25. Ng5 Rf5 26. f4 exf4 27. gxf4 Nf7 28. Ne6+ Kh6 29. Nc7 Qd8 30. Nxa8 Rxf4 31. Qd2 Qg5+ 32. Kh1 Qd5+ 33. Kg1 g5 34. Ne3 Qd8 35. Ng2 Rf6 36. Nc7 Qxc7 37. Qxd4 Qb6 38. Qxb6 axb6 39. Ne3 Kg6 40. Nc4 b5 41. Ne5+ Nxe5 42. Rxe5 Rd6 43. Kf1 Rd1+ 44. Re1 Rxe1+ 45. Kxe1 Kf5 46. a3 Ke4 0-1